1364 1301 1296 1902 1439 1159 1340 1007 1813 1634 1727 1506 1463 1235 1018 1074 1657 1130 1915 1363 1097 1615 1425 1573 1551 1290 1489 1578 1004 1690 1613 1404 1140 1222 1568 1409 1107 1102 1648 1770 1884 1475 1858 1324 1867 1885 1779 1749 1825 1974 1556 1056 1407 1195 1835 1252 1026 1090 1781 1746 1429 1127 1921 1127 1848 1137 1483 1066 1353 1945 1227 1907 1925 1137 1412 1353 1514 1049 1356 1180 1277 1607 1511 1651 1937 1052 1792 1418 1956 1422 1439 1208 1254 1388 1433 1815 1885 1470 1096 BCNSPRNW ULIB Ver.6.0+V

เปลี่ยนเป็นภาษาไทย

Change to English
 แสดงรายละเอียดบรรณานุกรม
  กลับหน้าหลัก

Brief Record : Get Marc (ISO 2709) : E-mail record : QR code < ปิดหน้าต่าง
LEADER : 00000nam 2200000uu 4500
001    13399111763
003     ULIB
008    110707s2545||||th 000 0 tha d
020    9744840293
050 04 D781^bส975ท 2545
100 0  สุรพงษ์ บุนนาค
245 10 ทะเลโหด /^cสุรพงษ์ บุนนาค
250    พิมพ์ครั้งที่ 1
260    กรุงเทพฯ :^bสารคดี,^c2545
300    388 หน้า :^bภาพประกอบ ;^c21 ซม.
650  4 นวนิยาย
945    ^p239^l0^i015988
995    ทศพร
999 ^a ใช้งานได้ทุกระบบ
รายการนี้ยังไม่มีแท็ก
คุณยังไม่ได้ล็อกอิน คุณสามารถมีกิจกรรมร่วมกับเว็บไซต์ได้ แต่ต้องล็อกอินก่อน ::
  ล็อกอิน

รายการสื่อสารสนเทศ

ลำดับที่ ประเภท เลขเรียก/บาร์โค้ด สถานที่ สถานะ
- ไม่พบข้อมูล -

รายการใกล้เคียง
    หัวเรื่อง [นวนิยาย]

BibComment


ยังไม่เคยถูกคอมเมนท์

คอมเมนท์ทรัพยากรรายการนี้
  คอมเมนท์: ทะเลโหด สุรพงษ์ ..


 Copyright 2026. Bcnsprnw @Library